[Event "15th Governor Cup 2019"]
[Site "Khanty-Mansiysk"]
[Date "2019.11.21"]
[Round "4.18"]
[White "Guseva, Marina"]
[Black "Skvortsov, Andrey"]
[Result "1-0"]
[WhiteElo "2366"]
[BlackElo "2137"]
[Annotator "ChessBase"]
[PlyCount "119"]
[EventDate "2019.11.19"]
[EventType "swiss"]
[EventCountry "RUS"]
[SourceTitle "playchess.com"]
[Source "ChessBase"]
[SourceQuality "1"]
[TimeControl "5400+30"]

1. d4 {[%emt 0:00:00]} Nf6 {[%emt 0:00:00]} 2. c4 {[%emt 0:00:00]} g6 {[%emt 0:00:33]} 3. Nc3 {[%emt 0:00:00]} d5 {[%emt 0:00:04]} 4. Bg5 {[%emt 0:00:00]} Ne4 {[%emt 0:00:06]} 5. Bh4 {[%emt 0:00:04]} Nxc3 {[%emt 0:00:32]} 6. bxc3 {[%emt 0:00:04]} dxc4 {[%emt 0:00:43]} 7. e3 {[%emt 0:00:05]} Bg7 {[%emt 0:01:31]} 8. Bxc4 {[%emt 0:00:08]} c5 {[%emt 0:01:07]} 9. Nf3 {[%emt 0:01:53]} cxd4 {[%emt 0:01:35]} 10. cxd4 {[%emt 0:00:06]} Qa5+ {[%emt 0:00:27]} 11. Nd2 {[%emt 0:05:40]} Nc6 {[%emt 0:07:10]} 12. O-O {[%emt 0:00:18]} O-O {[%emt 0:00:43]} 13. Rc1 {[%emt 0:06:08]} e6 {[%emt 0:01:27]} 14. Bb3 {[%emt 0:08:51]} Qb4 {[%emt 0:06:19]} 15. Ne4 {[%emt 0:00:30]} e5 {[%emt 0:01:26]} 16. Rb1 {[%emt 0:16:35]} Qa3 {[%emt 0:09:42]} 17. d5 {[%emt 0:00:34]} Na5 {[%emt 0:08:30]} 18. d6 {[%emt 0:00:09]} Bf5 {[%emt 0:00:41]} 19. Bd5 {[%emt 0:01:52]} Bxe4 {[%emt 0:12:12]} 20. Bxe4 {[%emt 0:00:04]} f6 {[%emt 0:00:07]} 21. Bxb7 {[%emt 0:03:29]} Rad8 {[%emt 0:01:13]} 22. d7 {[%emt 0:02:05]} Nxb7 {[%emt 0:01:32]} 23. Rxb7 {[%emt 0:03:53]} Qxa2 {[%emt 0:00:08]} 24. f4 {[%emt 0:06:25]} Qe6 {[%emt 0:14:03]} 25. Qa4 {[%emt 0:04:20]} Rf7 {[%emt 0:00:47]} 26. Rd1 {[%emt 0:00:03]} Bf8 {[%emt 0:03:37]} 27. fxe5 {[%emt 0:02:55]} Qxe5 {[%emt 0:00:28]} 28. Bg3 {[%emt 0:09:18]} Qxe3+ {[%emt 0:00:24]} 29. Bf2 {[%emt 0:00:06]} Qe6 {[%emt 0:00:46]} 30. Qd4 {[%emt 0:08:04]} a5 {[%emt 0:02:58]} 31. Qb6 {[%emt 0:04:10]} Qg4 {[%emt 0:01:46]} 32. Rd4 {[%emt 0:00:05]} Qg5 {[%emt 0:00:04]} 33. h4 {[%emt 0:01:26]} Qc1+ {[%emt 0:00:02]} 34. Kh2 {[%emt 0:00:03]} Be7 {[%emt 0:00:05]} 35. Rb8 {[%emt 0:04:19]} Rff8 {[%emt 0:01:47]} 36. Qe6+ {[%emt 0:00:59]} Rf7 {[%emt 0:03:27]} 37. Qxe7 {[%emt 0:08:35]} Rxb8 {[%emt 0:01:30]} 38. d8=Q+ {[%emt 0:00:09]} Rxd8 {[%emt 0:00:04]} 39. Qxd8+ {[%emt 0:00:26]} Kg7 {[%emt 0:00:06]} 40. Qxa5 {[%emt 0:00:38]} Qc7+ {[%emt 0:00:13]} 41. Qxc7 {[%emt 0:00:07]} Rxc7 {[%emt 0:00:35]} 42. Rd6 {[%emt 0:01:37]} f5 {[%emt 0:01:02]} 43. Be3 {[%emt 0:01:13]} Re7 {[%emt 0:01:10]} 44. Bg5 {[%emt 0:00:31]} Rb7 {[%emt 0:00:33]} 45. Re6 {[%emt 0:00:11]} Kf7 {[%emt 0:00:07]} 46. Rc6 {[%emt 0:00:05]} Kg7 {[%emt 0:02:07]} 47. Bf4 {[%emt 0:00:03]} Rb4 {[%emt 0:00:21]} 48. Rc7+ {[%emt 0:00:04]} Kg8 {[%emt 0:00:13]} 49. g3 {[%emt 0:00:05]} Rb2+ {[%emt 0:00:40]} 50. Kh3 {[%emt 0:00:03]} Re2 {[%emt 0:00:05]} 51. Bh6 {[%emt 0:00:04]} Re8 {[%emt 0:00:24]} 52. Kg2 {[%emt 0:00:06]} Kh8 {[%emt 0:00:29]} 53. Kf3 {[%emt 0:00:18]} Kg8 {[%emt 0:00:04]} 54. Bd2 {[%emt 0:00:48]} Re6 {[%emt 0:00:56]} 55. Bh6 {[%emt 0:00:41]} Re8 {[%emt 0:00:03]} 56. Kf4 {[%emt 0:00:11]} Re4+ {[%emt 0:00:10]} 57. Kg5 {[%emt 0:00:06]} Re8 {[%emt 0:00:19]} 58. Kf6 {[%emt 0:00:12]} Ra8 {[%emt 0:00:28]} 59. Ke7 {[%emt 0:00:08]} Rb8 {[%emt 0:00:15]} 60. Rd7 {[%emt 0:00:14]} 1-0

[Event "15th Governor Cup 2019"]
[Site "Khanty-Mansiysk"]
[Date "2019.11.21"]
[Round "4.19"]
[White "Najdin, Danil"]
[Black "Ryabov, Georgi"]
[Result "1-0"]
[WhiteElo "2357"]
[BlackElo "1887"]
[Annotator "ChessBase"]
[PlyCount "81"]
[EventDate "2019.11.19"]
[EventType "swiss"]
[EventCountry "RUS"]
[SourceTitle "playchess.com"]
[Source "ChessBase"]
[SourceQuality "1"]
[TimeControl "5400+30"]

1. d4 {[%emt 0:00:05]} Nf6 {[%emt 0:00:19]} 2. c4 {[%emt 0:00:12]} g6 {[%emt 0:00:11]} 3. Nc3 {[%emt 0:00:43]} Bg7 {[%emt 0:00:33]} 4. e4 {[%emt 0:00:19]} d6 {[%emt 0:00:08]} 5. Nf3 {[%emt 0:01:01]} O-O {[%emt 0:00:13]} 6. Be2 {[%emt 0:00:33]} Nbd7 {[%emt 0:01:14]} 7. O-O {[%emt 0:00:23]} c5 {[%emt 0:00:05]} 8. d5 {[%emt 0:01:08]} Ne8 {[%emt 0:00:40]} 9. Bf4 {[%emt 0:02:15]} Ne5 {[%emt 0:02:01]} 10. Nxe5 {[%emt 0:00:50]} dxe5 {[%emt 0:00:13]} 11. Be3 {[%emt 0:00:08]} b6 {[%emt 0:00:10]} 12. a3 {[%emt 0:00:47]} Nd6 {[%emt 0:09:30]} 13. b4 {[%emt 0:02:13]} Nb7 {[%emt 0:00:38]} 14. Qd2 {[%emt 0:01:20]} f5 {[%emt 0:00:44]} 15. f3 {[%emt 0:00:30]} f4 {[%emt 0:00:15]} 16. Bf2 {[%emt 0:00:02]} g5 {[%emt 0:01:41]} 17. Rfb1 {[%emt 0:01:20]} Rf6 {[%emt 0:03:30]} 18. Na4 {[%emt 0:05:53]} Qc7 {[%emt 0:02:43]} 19. bxc5 {[%emt 0:01:03]} bxc5 {[%emt 0:00:51]} 20. Rb2 {[%emt 0:01:33]} h5 {[%emt 0:05:17]} 21. h3 {[%emt 0:00:52]} Bh6 {[%emt 0:01:58]} 22. Qd1 {[%emt 0:05:40]} Bd7 {[%emt 0:12:22]} 23. Rab1 {[%emt 0:02:31]} Bxa4 {[%emt 0:00:33]} 24. Qxa4 {[%emt 0:00:08]} Nd6 {[%emt 0:00:06]} 25. Qc6 {[%emt 0:02:50]} Rc8 {[%emt 0:01:36]} 26. Qxc7 {[%emt 0:00:38]} Rxc7 {[%emt 0:00:06]} 27. Rb8+ {[%emt 0:00:09]} Rf8 {[%emt 0:00:13]} 28. Rxf8+ {[%emt 0:00:22]} Bxf8 {[%emt 0:00:09]} 29. Rb8 {[%emt 0:00:16]} Kf7 {[%emt 0:00:22]} 30. Kf1 {[%emt 0:07:35]} g4 {[%emt 0:03:50]} 31. fxg4 {[%emt 0:01:54]} hxg4 {[%emt 0:01:02]} 32. Bxg4 {[%emt 0:00:05]} Nxe4 {[%emt 0:00:12]} 33. Be6+ {[%emt 0:00:07]} Kg7 {[%emt 0:00:03]} 34. Be1 {[%emt 0:00:18]} Nd6 {[%emt 0:00:50]} 35. Bc3 {[%emt 0:01:23]} Nxc4 {[%emt 0:08:27]} 36. Ke2 {[%emt 0:00:05]} Kg6 {[%emt 0:01:17]} 37. Kd3 {[%emt 0:00:45]} Nd6 {[%emt 0:01:09]} 38. Rxf8 {[%emt 0:00:06]} e4+ {[%emt 0:00:47]} 39. Kc2 {[%emt 0:00:28]} Nb5 {[%emt 0:00:58]} 40. Rxf4 {[%emt 0:00:42]} Nd4+ {[%emt 0:00:13]} 41. Kd2 1-0

[Event "15th Governor Cup 2019"]
[Site "Khanty-Mansiysk"]
[Date "2019.11.21"]
[Round "4.20"]
[White "Yakimova, Mariya"]
[Black "Voskresenskaya, Marta"]
[Result "1-0"]
[WhiteElo "2276"]
[BlackElo "1859"]
[Annotator "ChessBase"]
[PlyCount "80"]
[EventDate "2019.11.19"]
[EventType "swiss"]
[EventCountry "RUS"]
[SourceTitle "playchess.com"]
[Source "ChessBase"]
[SourceQuality "1"]
[TimeControl "5400+30"]

1. d4 {[%emt 0:00:00]} d5 {[%emt 0:00:00]} 2. c4 {[%emt 0:00:00]} c6 {[%emt 0:00:00]} 3. Nf3 {[%emt 0:00:00]} Nf6 {[%emt 0:00:18]} 4. Nc3 {[%emt 0:00:00]} a6 {[%emt 0:00:34]} 5. a4 {[%emt 0:00:19]} Bf5 {[%emt 0:00:15]} 6. g3 {[%emt 0:00:49]} e6 {[%emt 0:00:22]} 7. Bg2 {[%emt 0:00:29]} Nbd7 {[%emt 0:00:12]} 8. O-O {[%emt 0:01:00]} h6 {[%emt 0:00:53]} 9. Bf4 {[%emt 0:06:29]} Be7 {[%emt 0:01:00]} 10. a5 {[%emt 0:12:54]} O-O {[%emt 0:01:59]} 11. Qb3 {[%emt 0:01:07]} g5 {[%emt 0:04:53]} 12. Be3 {[%emt 0:12:22]} Rb8 {[%emt 0:05:57]} 13. Bc1 {[%emt 0:15:19]} Ne4 {[%emt 0:13:14]} 14. Nd2 {[%emt 0:00:45]} Nxd2 {[%emt 0:04:59]} 15. Bxd2 {[%emt 0:00:05]} Bf6 {[%emt 0:02:33]} 16. cxd5 {[%emt 0:02:48]} cxd5 {[%emt 0:02:33]} 17. e3 {[%emt 0:15:51]} b5 {[%emt 0:01:08]} 18. Na2 {[%emt 0:00:42]} Rc8 {[%emt 0:02:47]} 19. Rfc1 {[%emt 0:00:11]} Ra8 {[%emt 0:08:59]} 20. Bb4 {[%emt 0:02:06]} Re8 {[%emt 0:02:05]} 21. Rc3 {[%emt 0:00:43]} Rc8 {[%emt 0:03:20]} 22. Rac1 {[%emt 0:03:12]} Rxc3 {[%emt 0:00:20]} 23. Qxc3 {[%emt 0:00:06]} Qa8 {[%emt 0:01:32]} 24. Qc6 {[%emt 0:03:02]} Qxc6 {[%emt 0:00:42]} 25. Rxc6 {[%emt 0:00:03]} Ra8 {[%emt 0:03:51]} 26. Rc7 {[%emt 0:02:10]} Nf8 {[%emt 0:00:46]} 27. Nc1 {[%emt 0:00:50]} Bd8 {[%emt 0:01:24]} 28. Rc6 {[%emt 0:02:36]} Kg7 {[%emt 0:02:56]} 29. Nb3 {[%emt 0:00:24]} Nd7 {[%emt 0:00:06]} 30. Bc3 {[%emt 0:08:39]} Kg6 {[%emt 0:14:18]} 31. Nc5 {[%emt 0:01:36]} Nxc5 {[%emt 0:00:10]} 32. dxc5 {[%emt 0:00:04]} Ra7 {[%emt 0:02:05]} 33. b4 {[%emt 0:01:27]} Bc7 {[%emt 0:00:26]} 34. f4 {[%emt 0:05:22]} gxf4 {[%emt 0:00:50]} 35. gxf4 {[%emt 0:02:20]} f6 {[%emt 0:01:20]} 36. Bxd5 {[%emt 0:01:11]} Kf7 {[%emt 0:01:42]} 37. Bf3 {[%emt 0:00:06]} Bh3 {[%emt 0:00:45]} 38. e4 {[%emt 0:00:14]} f5 {[%emt 0:00:36]} 39. e5 {[%emt 0:01:23]} Bg4 {[%emt 0:03:12]} 40. Rb6 {[%emt 0:00:14]} Rb7 {[%emt 0:00:55]} 1-0

[Event "15th Governor Cup 2019"]
[Site "Khanty-Mansiysk"]
[Date "2019.11.21"]
[Round "4.21"]
[White "Mukhina, Jana"]
[Black "Mironenko, Galina"]
[Result "1/2-1/2"]
[WhiteElo "2105"]
[BlackElo "2236"]
[Annotator "ChessBase"]
[PlyCount "60"]
[EventDate "2019.11.19"]
[EventType "swiss"]
[EventCountry "RUS"]
[SourceTitle "playchess.com"]
[Source "ChessBase"]
[SourceQuality "1"]
[TimeControl "5400+30"]

1. d4 {[%emt 0:00:00]} Nf6 {[%emt 0:00:00]} 2. c4 {[%emt 0:00:00]} e6 {[%emt 0:00:00]} 3. a3 {[%emt 0:00:00]} d5 {[%emt 0:01:15]} 4. Nc3 {[%emt 0:06:08]} Be7 {[%emt 0:00:58]} 5. Bg5 {[%emt 0:07:55]} h6 {[%emt 0:02:41]} 6. Bh4 {[%emt 0:00:43]} b6 {[%emt 0:03:11]} 7. cxd5 {[%emt 0:07:59]} Nxd5 {[%emt 0:04:33]} 8. Bxe7 {[%emt 0:00:57]} Qxe7 {[%emt 0:01:41]} 9. Nxd5 {[%emt 0:03:50]} exd5 {[%emt 0:00:07]} 10. Qa4+ {[%emt 0:05:59]} c6 {[%emt 0:08:22]} 11. e3 {[%emt 0:03:46]} O-O {[%emt 0:02:08]} 12. Bd3 {[%emt 0:04:09]} c5 {[%emt 0:03:01]} 13. Ne2 {[%emt 0:04:14]} Bd7 {[%emt 0:02:58]} 14. Bb5 {[%emt 0:02:18]} a6 {[%emt 0:06:17]} 15. Bxd7 {[%emt 0:00:11]} Nxd7 {[%emt 0:00:07]} 16. O-O {[%emt 0:09:28]} Qd6 {[%emt 0:05:27]} 17. dxc5 {[%emt 0:03:24]} bxc5 {[%emt 0:00:34]} 18. Rfd1 {[%emt 0:01:19]} Nf6 {[%emt 0:04:07]} 19. Rac1 {[%emt 0:02:45]} Rfd8 {[%emt 0:06:32]} 20. Rc2 {[%emt 0:07:04]} Rab8 {[%emt 0:07:55]} 21. Rcd2 {[%emt 0:06:15]} Qe5 {[%emt 0:08:21]} 22. Nc3 {[%emt 0:05:06]} Rd6 {[%emt 0:05:55]} 23. Qa5 {[%emt 0:01:06]} Rc8 {[%emt 0:01:03]} 24. h3 {[%emt 0:01:24]} Kh8 {[%emt 0:08:11]} 25. Rd3 {[%emt 0:01:06]} Kg8 {[%emt 0:05:36]} 26. R3d2 {[%emt 0:00:06]} Kh8 {[%emt 0:02:51]} 27. Rc2 {[%emt 0:01:09]} Qh5 {[%emt 0:02:33]} 28. Rcd2 {[%emt 0:02:42]} Qe5 {[%emt 0:00:40]} 29. Rd3 {[%emt 0:00:52]} Kg8 {[%emt 0:00:07]} 30. R3d2 {[%emt 0:00:05]} Kh8 {[%emt 0:00:09]} 1/2-1/2

[Event "15th Governor Cup 2019"]
[Site "Khanty-Mansiysk"]
[Date "2019.11.21"]
[Round "4.22"]
[White "Kochukova, Anna"]
[Black "Dorofeeva, Nyurguiaana"]
[Result "0-1"]
[WhiteElo "2117"]
[BlackElo "1848"]
[Annotator "ChessBase"]
[PlyCount "132"]
[EventDate "2019.11.19"]
[EventType "swiss"]
[EventCountry "RUS"]
[SourceTitle "playchess.com"]
[Source "ChessBase"]
[SourceQuality "1"]
[TimeControl "5400+30"]

1. e4 {[%emt 0:00:00]} e5 {[%emt 0:00:00]} 2. Nf3 {[%emt 0:00:00]} Nc6 {[%emt 0:00:00]} 3. Bc4 {[%emt 0:01:37]} Nf6 {[%emt 0:00:43]} 4. d3 {[%emt 0:07:41]} Be7 {[%emt 0:02:06]} 5. Nc3 {[%emt 0:01:57]} d6 {[%emt 0:00:59]} 6. h3 {[%emt 0:02:19]} Na5 {[%emt 0:01:11]} 7. Bd5 {[%emt 0:07:45]} O-O {[%emt 0:08:16]} 8. O-O {[%emt 0:02:37]} Nxd5 {[%emt 0:09:05]} 9. exd5 {[%emt 0:12:38]} b6 {[%emt 0:02:06]} 10. b4 {[%emt 0:01:17]} Nb7 {[%emt 0:00:06]} 11. d4 {[%emt 0:00:29]} Bd7 {[%emt 0:08:52]} 12. Bb2 {[%emt 0:03:57]} Re8 {[%emt 0:03:05]} 13. dxe5 {[%emt 0:10:17]} dxe5 {[%emt 0:01:05]} 14. Nxe5 {[%emt 0:04:39]} Bxb4 {[%emt 0:01:39]} 15. Nd3 {[%emt 0:06:12]} Bd6 {[%emt 0:03:50]} 16. Qf3 {[%emt 0:01:24]} Qh4 {[%emt 0:13:49]} 17. Rfe1 {[%emt 0:06:39]} h5 {[%emt 0:01:10]} 18. Re4 {[%emt 0:05:09]} Rxe4 {[%emt 0:06:06]} 19. Nxe4 {[%emt 0:02:52]} Re8 {[%emt 0:05:58]} 20. Re1 {[%emt 0:01:35]} Kf8 {[%emt 0:15:39]} 21. Nxd6 {[%emt 0:04:27]} Rxe1+ {[%emt 0:00:26]} 22. Nxe1 {[%emt 0:01:42]} Nxd6 {[%emt 0:00:14]} 23. Qc3 {[%emt 0:00:51]} Ne8 {[%emt 0:02:46]} 24. Nf3 {[%emt 0:04:00]} Qe4 {[%emt 0:02:38]} 25. Qb3 {[%emt 0:03:37]} Ba4 {[%emt 0:02:06]} 26. Qa3+ {[%emt 0:00:50]} Kg8 {[%emt 0:00:06]} 27. Nd4 {[%emt 0:05:56]} Bxc2 {[%emt 0:02:24]} 28. Nc6 {[%emt 0:00:19]} Qe1+ {[%emt 0:02:05]} 29. Kh2 {[%emt 0:00:01]} Qxf2 {[%emt 0:01:03]} 30. Qb4 {[%emt 0:01:34]} Nf6 {[%emt 0:02:03]} 31. Ne7+ {[%emt 0:00:37]} Kh7 {[%emt 0:00:15]} 32. Bc1 {[%emt 0:00:31]} Be4 {[%emt 0:00:39]} 33. Qb2 {[%emt 0:00:30]} Qxb2 {[%emt 0:01:33]} 34. Bxb2 {[%emt 0:00:01]} Nxd5 {[%emt 0:00:12]} 35. Nxd5 {[%emt 0:00:34]} Bxd5 {[%emt 0:00:07]} 36. a3 {[%emt 0:00:06]} b5 {[%emt 0:00:26]} 37. Bd4 {[%emt 0:00:32]} a6 {[%emt 0:00:38]} 38. g3 {[%emt 0:00:18]} g6 {[%emt 0:00:52]} 39. Kg1 {[%emt 0:00:05]} Kg8 {[%emt 0:00:06]} 40. Kf2 {[%emt 0:00:18]} Kf8 {[%emt 0:00:12]} 41. Be5 {[%emt 0:00:18]} c6 {[%emt 0:00:32]} 42. Ke3 {[%emt 0:00:07]} Ke7 {[%emt 0:00:24]} 43. Kd4 {[%emt 0:00:04]} Ke6 {[%emt 0:01:37]} 44. Bb8 {[%emt 0:00:14]} f6 {[%emt 0:00:29]} 45. Kc5 {[%emt 0:00:13]} a5 {[%emt 0:01:26]} 46. Bc7 {[%emt 0:00:57]} a4 {[%emt 0:00:05]} 47. h4 {[%emt 0:00:07]} g5 {[%emt 0:00:25]} 48. Bd8 {[%emt 0:01:13]} gxh4 {[%emt 0:01:09]} 49. gxh4 {[%emt 0:00:02]} Ke5 {[%emt 0:00:25]} 50. Be7 {[%emt 0:03:11]} f5 {[%emt 0:00:24]} 51. Kb4 {[%emt 0:00:22]} Kf4 {[%emt 0:01:01]} 52. Kc3 {[%emt 0:00:34]} Kg3 {[%emt 0:00:37]} 53. Kd2 {[%emt 0:00:28]} f4 {[%emt 0:00:28]} 54. Bd6 {[%emt 0:00:31]} Kg4 {[%emt 0:00:07]} 55. Ke1 {[%emt 0:00:36]} f3 {[%emt 0:00:08]} 56. Be7 {[%emt 0:00:34]} Kg3 {[%emt 0:00:09]} 57. Bd6+ {[%emt 0:00:26]} Kxh4 {[%emt 0:00:15]} 58. Kf2 {[%emt 0:00:04]} Kg4 {[%emt 0:00:10]} 59. Kg1 {[%emt 0:00:30]} h4 {[%emt 0:00:11]} 60. Kf2 {[%emt 0:00:10]} h3 {[%emt 0:00:09]} 61. Kg1 {[%emt 0:00:05]} Be4 {[%emt 0:00:59]} 62. Bc5 {[%emt 0:00:41]} b4 {[%emt 0:01:14]} 63. axb4 {[%emt 0:00:31]} a3 {[%emt 0:00:13]} 64. b5 {[%emt 0:00:53]} a2 {[%emt 0:00:17]} 65. Bd4 {[%emt 0:00:06]} cxb5 {[%emt 0:00:45]} 66. Kh2 {[%emt 0:00:23]} f2 {[%emt 0:00:31]} 0-1

[Event "15th Governor Cup 2019"]
[Site "Khanty-Mansiysk"]
[Date "2019.11.22"]
[Round "5.1"]
[White "Kokarev, Dmitry"]
[Black "Rakhmanov, Aleksandr"]
[Result "1/2-1/2"]
[WhiteElo "2601"]
[BlackElo "2638"]
[Annotator "TA"]
[PlyCount "27"]
[EventDate "2019.11.19"]
[EventType "swiss"]
[EventCountry "RUS"]
[SourceTitle "playchess.com"]
[Source "ChessBase"]
[SourceQuality "1"]

{[%evp 26,27,25,0]} 1. e4 e5 2. Nf3 Nc6 3. Bb5 a6 4. Ba4 Nf6 5. O-O Be7 6. Re1 b5 7. Bb3 d6 8. c3 O-O 9. h3 Bb7 10. d4 Re8 11. Ng5 $146 ({Predecessor:} 11. Nbd2 Bf8 12. a3 h6 13. Bc2 d5 14. Nxe5 Nxe5 15. dxe5 Rxe5 16. Nf3 Re8 17. e5 Ne4 18. Qe2 c5 19. Nd2 Rxe5 20. f3 c4 21. fxe4 Bc5+ {½-½ (40) Radjabov,T (2759)-Wojtaszek,R (2737) Dortmund 2019}) 11... Rf8 12. Nf3 Re8 13. Ng5 Rf8 14. Nf3 1/2-1/2

[Event "15th Governor Cup 2019"]
[Site "Khanty-Mansiysk"]
[Date "2019.11.22"]
[Round "5.2"]
[White "Sakaev, Konstantin"]
[Black "Goganov, Aleksey"]
[Result "1/2-1/2"]
[WhiteElo "2595"]
[BlackElo "2565"]
[Annotator "TA"]
[PlyCount "34"]
[EventDate "2019.11.19"]
[EventType "swiss"]
[EventCountry "RUS"]
[SourceTitle "playchess.com"]
[Source "ChessBase"]
[SourceQuality "1"]

{[%evp 19,34,2,15,7,8,9,7,0,0,0,0,0,0,0,0,0,24]} 1. d4 Nf6 2. c4 e6 3. Nf3 d5 4. Nc3 dxc4 5. e3 a6 6. a4 c5 7. Bxc4 Nc6 8. O-O Be7 9. dxc5 Qxd1 10. Rxd1 Bxc5 {The position is equal.} 11. Nd2 {D27: Queen's Gambit Accepted: Classical main line: 7 e4!? and 7 a4} Ke7 12. Nb3 Bb4 13. Be2 {[#]} Bd7 $146 ({Predecessor:} 13... e5 14. e4 Bxc3 15. bxc3 Nxe4 16. Ba3+ Kf6 17. Rd3 g6 18. Bf3 Ng5 {½-½ (42) Petkov,V (2490)-Georgiev,K (2672) Blagoevgrad 2010}) 14. Na2 Bd6 15. Nc3 Bb4 16. Na2 Bd6 17. Nc3 Bb4 1/2-1/2

[Event "15th Governor Cup 2019"]
[Site "Khanty-Mansiysk"]
[Date "2019.11.22"]
[Round "5.3"]
[White "Lugovskoy, Maxim"]
[Black "Timofeev, Artyom"]
[Result "0-1"]
[WhiteElo "2444"]
[BlackElo "2595"]
[Annotator "TA"]
[PlyCount "80"]
[EventDate "2019.11.19"]
[EventType "swiss"]
[EventCountry "RUS"]
[SourceTitle "playchess.com"]
[Source "ChessBase"]
[SourceQuality "1"]

{[%evp 11,80,-11,0,-8,-5,-18,-21,-32,-5,-19,0,-18,-23,-27,-10,-21,-19,-19,-15,-16,-15,-26,-27,-20,-18,-55,-16,-22,0,0,7,-19,-22,-53,-43,-50,-50,-45,-45,-59,-51,-50,-27,-156,-178,-159,-181,-214,-212,-230,-212,-223,-233,-211,-181,-352,-345,-410,-402,-456,-464,-575,-562,-529,-499,-477,-510,-527,-449,-1362,-1351]} 1. d4 c5 2. c3 Nf6 3. Nf3 e6 4. g3 b6 5. Bg2 Bb7 6. O-O Be7 7. b3 {A47: 1 d4 Nf6 2 Nf3 b6: Torre, London and Colle Systems} (7. a4 cxd4 8. cxd4 Nc6 9. Ne5 d5 10. Nxc6 Bxc6 11. Nc3 O-O 12. Bg5 Qd7 13. Qd3 Rac8 14. Rfc1 h6 15. Bxf6 Bxf6 {½-½ (32) Lalith,B (2531)-Short,N (2656) Kolkata 2018}) 7... d5 8. Ne5 $146 ({Predecessor:} 8. Bb2 O-O 9. Ne5 Qc7 10. Nd2 Nbd7 11. Nxd7 Qxd7 12. Rc1 Rfd8 13. Qc2 a5 14. dxc5 bxc5 {0-1 (37) Ivekovic,B (2317)-Mrdja,M (2394) Velika Gorica 2014}) 8... Nbd7 9. Bb2 {The position is equal.} O-O 10. c4 cxd4 11. Nxd7 Qxd7 12. Qxd4 Rad8 13. cxd5 Bxd5 14. Bxd5 Qxd5 15. Qxd5 Rxd5 16. Rc1 Rfd8 17. Kg2 h5 18. Rc2 {[#]} h4 $1 {[%mdl 512]} 19. Ba3 (19. gxh4 Ne4) 19... Bxa3 (19... Kf8 {feels hotter.} 20. Bxe7+ Kxe7 21. Na3 hxg3 22. hxg3 b5) 20. Nxa3 Rh5 21. f3 Nd5 22. Kf2 hxg3+ 23. hxg3 Nb4 $36 {[%mdl 2048] Black is pushing.} 24. Rc4 a5 {Threatens to win with ...Rh2+.} 25. Rh4 Rxh4 26. gxh4 $15 {[%mdl 4096] Endgame KRN-KRN} Rd2 27. Ke3 {[#]} (27. Ke1 $1 $11 Rd5 28. Kf2) 27... Rc2 $1 $17 {[%mdl 512]} 28. h5 (28. Nxc2 Nxc2+) 28... Kh7 (28... Rxa2 29. Rxa2 Nxa2 30. Kd2 $17) 29. Nb5 Rb2 {...Nc2+ is the strong threat.} (29... Rxa2 30. Rxa2 Nxa2 31. Nd6 $17) 30. Rg1 Nd5+ ({Resist} 30... Nxa2 31. Nd6 $17) ({Much less strong is} 30... Rxa2 31. Kf2) 31. Kf2 Nf4 32. Rg4 Nxe2 ({Weaker is} 32... Rxe2+ 33. Kf1 $15) 33. Kf1 $2 (33. Ke3 {was worth a try.} Rxa2 34. Nd6) 33... Rxa2 $19 34. Nd6 f5 35. Rg2 {[#]} Nc1 $1 {Black is clearly winning.} 36. Rg6 Nd3 37. Rg3 Ra1+ 38. Ke2 Nf4+ 39. Kd2 Nxh5 40. Rg1 (40. Rh3 $142 Kg6 41. Nc4) 40... Rxg1 {Accuracy: White = 30%, Black = 74%.} 0-1

[Event "15th Governor Cup 2019"]
[Site "Khanty-Mansiysk"]
[Date "2019.11.22"]
[Round "5.4"]
[White "Bocharov, Ivan"]
[Black "Savitskiy, Sergey"]
[Result "1/2-1/2"]
[WhiteElo "2571"]
[BlackElo "2396"]
[Annotator "ChessBase"]
[PlyCount "73"]
[EventDate "2019.11.19"]
[EventType "swiss"]
[EventCountry "RUS"]
[SourceTitle "playchess.com"]
[Source "ChessBase"]
[SourceQuality "1"]
[TimeControl "5400+30"]

1. e4 {[%emt 0:00:00]} c5 {[%emt 0:00:00]} 2. Nf3 {[%emt 0:00:00]} Nc6 {[%emt 0:00:00]} 3. Bb5 {[%emt 0:00:00]} g6 {[%emt 0:00:38]} 4. Bxc6 {[%emt 0:00:25]} bxc6 {[%emt 0:00:29]} 5. O-O {[%emt 0:00:22]} Bg7 {[%emt 0:00:11]} 6. Re1 {[%emt 0:00:54]} Nh6 {[%emt 0:00:44]} 7. c3 {[%emt 0:00:48]} O-O {[%emt 0:00:17]} 8. d4 {[%emt 0:00:29]} cxd4 {[%emt 0:00:10]} 9. cxd4 {[%emt 0:00:04]} d5 {[%emt 0:00:14]} 10. e5 {[%emt 0:00:19]} f6 {[%emt 0:00:13]} 11. h3 {[%emt 0:02:19]} fxe5 {[%emt 0:00:28]} 12. Bxh6 {[%emt 0:05:28]} Bxh6 {[%emt 0:01:01]} 13. Nxe5 {[%emt 0:00:44]} Qb6 {[%emt 0:01:01]} 14. Qc2 {[%emt 0:03:09]} Bf5 {[%emt 0:02:39]} 15. Qc3 {[%emt 0:08:17]} Rab8 {[%emt 0:33:16]} 16. b3 {[%emt 0:01:17]} Rf6 {[%emt 0:00:21]} 17. Nd2 {[%emt 0:00:51]} Qb4 {[%emt 0:00:44]} 18. Qxb4 {[%emt 0:00:02]} Rxb4 {[%emt 0:00:06]} 19. Ndf3 {[%emt 0:00:04]} Be4 {[%emt 0:00:51]} 20. Ng4 {[%emt 0:01:29]} Kg7 {[%emt 0:10:38]} 21. Nfe5 {[%emt 0:02:10]} Re6 {[%emt 0:24:20]} 22. f3 {[%emt 0:02:46]} Bd2 {[%emt 0:01:00]} 23. fxe4 {[%emt 0:09:52]} Bxe1 {[%emt 0:00:56]} 24. Rxe1 {[%emt 0:00:05]} Rxd4 {[%emt 0:02:30]} 25. exd5 {[%emt 0:02:06]} Rxd5 {[%emt 0:02:19]} 26. Re3 {[%emt 0:00:50]} Rd1+ {[%emt 0:06:19]} 27. Kh2 {[%emt 0:00:01]} h5 {[%emt 0:00:13]} 28. Nc4 {[%emt 0:00:28]} Rxe3 {[%emt 0:00:09]} 29. Ngxe3 {[%emt 0:00:01]} Ra1 {[%emt 0:00:16]} 30. a3 {[%emt 0:02:10]} h4 {[%emt 0:01:14]} 31. Nc2 {[%emt 0:03:16]} Rb1 {[%emt 0:01:41]} 32. Nd4 {[%emt 0:00:36]} Kf6 {[%emt 0:00:43]} 33. b4 {[%emt 0:01:42]} Rc1 {[%emt 0:01:25]} 34. Nd2 {[%emt 0:05:11]} Ra1 {[%emt 0:01:44]} 35. Nc4 {[%emt 0:02:02]} Rc1 {[%emt 0:00:14]} 36. Nd2 {[%emt 0:00:01]} Ra1 {[%emt 0:00:07]} 37. Nc4 {[%emt 0:00:02]} 1/2-1/2